Architecture now!. (Record no. 354009)
[ view plain ]
| 000 -LEADER | |
|---|---|
| fixed length control field | 01831nam a2200241 a 4500 |
| 001 - CONTROL NUMBER | |
| control field | ASIN3836538997 |
| 003 - CONTROL NUMBER IDENTIFIER | |
| control field | OSt |
| 005 - DATE AND TIME OF LATEST TRANSACTION | |
| control field | 20180116192424.0 |
| 008 - FIXED-LENGTH DATA ELEMENTS--GENERAL INFORMATION | |
| fixed length control field | 140828s2013 xxu eng d |
| 020 ## - INTERNATIONAL STANDARD BOOK NUMBER | |
| International Standard Book Number | 3836538997 (hardcover) |
| 020 ## - INTERNATIONAL STANDARD BOOK NUMBER | |
| International Standard Book Number | 9783836538992 (hardcover) |
| 040 ## - CATALOGING SOURCE | |
| Transcribing agency | sada |
| 082 ## - DEWEY DECIMAL CLASSIFICATION NUMBER | |
| Classification number | 724.7 |
| Author Mark | JOD 2013 |
| 100 1# - MAIN ENTRY--PERSONAL NAME | |
| Personal name | Jodidio, Philip. |
| 9 (RLIN) | 7774 |
| 245 10 - TITLE STATEMENT | |
| Title | Architecture now!. |
| Number of part/section of a work | Vol. 9 / |
| Statement of responsibility, etc. | Philip Jodidio. |
| 250 ## - EDITION STATEMENT | |
| Edition statement | Mul ed. |
| 260 ## - PUBLICATION, DISTRIBUTION, ETC. | |
| Place of publication, distribution, etc. | [S.l.] : |
| Name of publisher, distributor, etc. | Taschen, |
| Date of publication, distribution, etc. | 2013. |
| 300 ## - PHYSICAL DESCRIPTION | |
| Extent | 480 p. ; |
| Dimensions | 29 cm. |
| 520 ## - SUMMARY, ETC. | |
| Summary, etc. | The living encyclopedia of architecture, part 9: The latest buildings around the globe—Brazil to Burkina Faso Architecture Now! 9 includes works in Amsterdam and Inner Mongolia by architects as famous as Zaha Hadid and Jean Nouvel, and those as little known to the general public as Carla Juaçaba from Brazil. Small ephemeral buildings like the BMW Guggenheim Lab by Atelier Bow-Wow are included, as well as houses, movie theaters, fashion boutiques, and even an Opera Village in Burkina Faso . Wine and dine with Pritkzer Prize winner Thom Mayne of Morphosis; climb to the top of the Orbit, symbol of the 2012 London Olympics by artist Anish Kapoor and engineer Cecil Balmond; travel “Beyond Infinity” in a virtual environment created in Shanghai by French designer and artist Serge Salat. This is architecure. Now. About the series: For anyone interested in the zeitgeist and building design in the 21st century, the Architecture Now! series is an essential work of reference. Easy-to-navigate illustrated A–Z entries include current and recent projects, biographies, contact information, and websites. |
| 650 ## - SUBJECT ADDED ENTRY--TOPICAL TERM | |
| Topical term or geographic name entry element | Architecture, Modern |
| Chronological subdivision | 20th century. |
| 9 (RLIN) | 7775 |
| 856 40 - ELECTRONIC LOCATION AND ACCESS | |
| Materials specified | Amazon.com |
| Uniform Resource Identifier | <a href="http://www.amazon.com/exec/obidos/ASIN/3836538997/chopaconline-20">http://www.amazon.com/exec/obidos/ASIN/3836538997/chopaconline-20</a> |
| 942 ## - ADDED ENTRY ELEMENTS (KOHA) | |
| Source of classification or shelving scheme | |
| Koha item type | Book |
| Withdrawn status | Lost status | Source of classification or shelving scheme | Damaged status | Not for loan | Permanent Location | Current Location | Date acquired | Total Checkouts | Full call number | Barcode | Date last seen | Date last checked out | Cost, replacement price | Price effective from | Koha item type |
|---|---|---|---|---|---|---|---|---|---|---|---|---|---|---|---|
| School of Art Design and Architecture (SADA) | School of Art Design and Architecture (SADA) | 08/27/2014 | 3 | 724.7 JOD 2013 | SADA0002377 | 03/18/2016 | 02/25/2016 | 5549.89 | 08/28/2014 | Book |
